000 00278nam a2200109Ia 4500
008 190216s9999||||xx |||||||||||||| ||und||
100 _aVivekanandan G
245 0 _aMalayalam-General-Kall
260 _bSahithya Pravarthaka Sahakarana Sangam
650 _aMalayalam
942 _cBK
999 _c25908
_d25908